Indice temático

Shranjeno v:
Bibliografske podrobnosti
Format: Texto
Teme:
Oznake: Označite
Brez oznak, prvi označite!

MARC

LEADER 00000 a a2200000 04500
001 15239
003
040
245 |a Indice temático  
650 |a MATERIAL DE REFERENCIA  
773 |g número 90 - 91; páginas 203-230  
999 |c 26466  |d 26466